5. Un Ratito - Bad Bunny - Estadísticas

Estadísticas generales
  • Esta prueba ha sido intentada 22 veces
  • La puntuación promedio es 203 de 248
Estadísticas de respuestas
% Correcto
ratito,
100%
un
100%
Un
100%
a
93%
algo
93%
amor
93%
Baby,
93%
bonito,
93%
e'
93%
el
93%
El
93%
es
93%
Estribillo Esto
93%
esto
93%
hay
93%
lo
93%
muy
93%
no
93%
no'
93%
pero
93%
Que
93%
que
93%
se
93%
93%
si
93%
siempre
93%
te
93%
ve',
93%
ve'
93%
acostumbre'
87%
interrumpe
87%
mami,
87%
Mami,
87%
mi
87%
mi'
87%
87%
o
87%
va
87%
va'
87%
y
87%
Y
87%
yo
87%
con
80%
Con
80%
doler
80%
ex,
80%
Ey
80%
ey
80%
importa,
80%
le
80%
me
80%
Me
80%
otra
80%
Outro | Verso Pa'
80%
pa'
80%
(Pa'
80%
Verso Quizá
80%
quizá
80%
tiempo
80%
ver
80%
vuelva
80%
acuesto,
73%
chingar
73%
cualquiera
73%
cuando
73%
cuento
73%
estar
73%
este
73%
fue
73%
La
73%
loca
73%
loco
73%
mañana
73%
meto
73%
meto,
73%
nací
73%
ni
73%
normal
73%
poco
73%
podemo'
73%
queda
73%
secreto'
73%
solo,
73%
solo
73%
solo)
73%
tu'
73%
73%
una
73%
vamo'
73%
bien
67%
bien,
67%
cuatro
67%
en
67%
Espero
67%
haya'
67%
luz
67%
pongo
67%
Porque
67%
texto'
67%
to'a,
67%
vo'a
67%
voy
67%
Intro Yeah
67%
yeah
67%
bajamo'
60%
ere'
60%
feliz
60%
hacerlo
60%
llegan
60%
parar
60%
puso
60%
quiere'
60%
roja,
60%
verdad
60%
vida
60%
como
53%
complicada
53%
entender
53%
moja'
53%
pasa'o
53%
perrear
53%
toda,
53%
conocerte,
47%
contigo
47%
inestable
47%
verte
47%
puede'
40%
rico
40%
No se encontraron pruebas coincidentes
Distribución de puntuación
Porcentaje de gente con cada puntuación
Porcentaje por número respondido
Historial de tus puntuaciones
No has intentado esta prueba.